Graph coulourings

Αποθηκεύτηκε σε:
Λεπτομέρειες βιβλιογραφικής εγγραφής
Άλλοι συγγραφείς: Nelson, Roy (Επιμελητής έκδοσης), Wilson, Robin J. (Επιμελητής έκδοσης)
Μορφή: Βιβλίο
Γλώσσα:English
Δημοσίευση: Harlow, Essex England : Longman, c1990.
Σειρά:Pitman research notes in mathematics series ; 218
Θέματα:
Ετικέτες: Προσθήκη ετικέτας
Δεν υπάρχουν, Καταχωρήστε ετικέτα πρώτοι!

MARC

LEADER 00000cam a2200000 i 4500
001 1/38870
008 941103s1990####enk| ||| |||| ||eng||
020 |a 0582051207 
035 |a 1993  |l 10040869 
040 |a GR-MyUA  |b gre  |e AACR2 
041 0 |a eng 
082 0 |a 512.55 
245 1 0 |a Graph coulourings /   |c Roy Nelson and Robin J. Wilson (editors).  
260 |a Harlow, Essex England :   |b Longman,   |c c1990.  
300 |a 143 σ. ;   |c 24 εκ.  
490 1 |a (Pitman research notes in mathematics series   |v ; 218)  
500 |a This book presents the proceedings of a one-day conference on Graph Colourings held at the Open University, England, on 9 December 1988. 
504 |a Περιέχει βιβλιογραφικές αναφορές.  
650 0 0 |a Four-color problem  |x Congresses. 
650 0 0 |a Graph theory  |x Congresses. 
700 1 |a Nelson, Roy,  |e edt 
700 1 |a Wilson, Robin J.  |e edt 
830 0 |a Pitman research notes in mathematics series ;  |v  218 
852 |a INST  |b SAMOS  |e 19941103  |h 512.55 GRA  |p 005300007229  |q 005300007229  |t BK  |y 0 
909 |a Σ  |b 030586